000 00442 a2200157 4500
003 NUST
005 20230309130721.0
040 _cNust
082 _a891.439,NAD
100 _aNadvi, Rasheed Akhtar
_967229
245 _aHumayun Nama /ہمایون نامہ (Urdu) /
_cRasheed Akhtar Nadvi
260 _aLahore
_bSang-i-Meel Pub
_c1995
300 _a272;p.
650 _aUrdu Literature
_xUrdu History
_9110074
942 _2ddc
_cBK
_k891.439,NAD
999 _c187636
_d187636